00283nam a2200109Ia 4500008004100000100002200041245003300063260000900096300003100105440002400136650001300160180117s9999 xx 000 0 und d aby Joey Zaballero aAre You Prepped for Disaster c2017 a10-13 pages, 2017 March 26 aPhilippine Panorama aDISASTER